000 00356 a2200157 4500
001 193005
020 _a978-85-262-8392-3
040 _cMagnum
100 _aHugo, Victor
240 1 0 _aO corcunda de notre-dame
_lpor
245 1 0 _aO corcunda de notre-dame
300 _a136
362 0 _a2011
697 _aLITERATURA JUVENIL ESTRANGEIRA
942 _cBK
999 _c193005
_d193005